000 01234nam2a22002411 4500
001 v19\rc\1207798
005 20250617215600.0
035 _a(NLR Aleph) 004371914
090 _a3510730
_c3510730
100 _a20060306d1869 |||y0rusy50 ca
101 0 _arus
102 _aRU
105 _ay z |||h|
200 0 _a...23-го июня 1869 года
_e[С прил. речи... Л.М. Розенталя]
210 _dценз. 1869
_aБ. м.
215 _a4 с.
461 0 _1001v19\rc\1207797
_12001#$aЖурнал общего собрания акционеров С.-Петербургского международного коммерческого банка...$v...23-го июня 1869 года$90
_93510721
_aПетербургский международный коммерческий банк
_c[Санкт-Петербург]
_dценз. 1869
_tЖурнал общего собрания акционеров С.-Петербургского международного коммерческого банка...
_v...23-го июня 1869 года$90
702 1 _aРозенталь
_bЛ.М.
_4570
801 0 _aRU
_bNLR
_gpsbo
801 1 _aRU
_bProSoft-M
_2rusmarc
852 _aNLR
_j18.95.6.371
942 _cBOOK
980 _aNB